Sistemas de producción de smolts en Chile: análisis de alternativas desde la perspectiva ambiental, sanitaria y económica
Guardat en:
| Autors principals: | , , , |
|---|---|
| Altres autors: | |
| Format: | Llibre |
| Idioma: | espanyol anglès |
| Publicat: |
Valdivia
WWF Chile
2010
|
| Matèries: | |
| Etiquetes: |
Afegir etiqueta
Sense etiquetes, Sigues el primer a etiquetar aquest registre!
|
MARC
| LEADER | 00000nam a2200000 a 4500 | ||
|---|---|---|---|
| 001 | UCG4571 | ||
| 003 | CL-VaPUC | ||
| 008 | 101111e20100000CL |||||||||||||||||spa|d | ||
| 041 | 0 | 7 | |a spa |2 CL-VaPUC |
| 041 | 0 | 7 | |a eng |2 CL-VaPUC |
| 082 | 0 | 4 | |a 639.375 |b NIE |2 21 |
| 100 | |a Nieto, Daniel |e autor |9 553927 | ||
| 700 | 0 | |a Norambuena, Ricardo |e author |9 553928 | |
| 700 | |a González Poblete, Exequiel |e autor |9 770522 | ||
| 700 | 0 | |a González, Laura |e author |9 553930 | |
| 700 | 0 | |a Brett, Daniel |e author |9 553931 | |
| 245 | 1 | 0 | |a Sistemas de producción de smolts en Chile: análisis de alternativas desde la perspectiva ambiental, sanitaria y económica |
| 246 | 1 | 0 | |a Smolt production systems in Chile: analysis of alternatives from the environmental, sanitary and economic perspectives |
| 300 | |a 44 p | ||
| 942 | |c BK | ||
| 945 | |d 20101111 00:00:00 |a mfarfan | ||
| 260 | |a Valdivia |b WWF Chile |c 2010 | ||
| 650 | 7 | |a SALMON |2 CL-VaPUC |9 261349 | |
| 650 | 7 | |a PECES |2 CL-VaPUC |9 553932 | |
| 650 | 0 | |a Cultivo de peces |9 350529 | |
| 650 | 0 | |a Salmonicultura |9 261348 | |
| 650 | 7 | |a OVAS |2 CL-VaPUC |9 386003 | |
| 583 | |a last modification |c 20101111 00:00:00 |k Rodrigo Vera | ||
| 999 | |c 343269 |d 343267 | ||
| 952 | |0 0 |1 0 |4 0 |6 639_375000000000000_NIE_2010 |7 0 |8 CCM |9 440444 |a BIBCUR |b BIBCUR |d 2019-11-22 |i 4731395 |o 639.375 NIE 2010 |p 4731395 |r 2025-04-22 |w 2019-11-22 |y BK |k CIM | ||
| 952 | |0 0 |1 0 |4 0 |6 639_375000000000000_NIE_2010 |7 0 |8 CCM |9 440445 |a BIBCUR |b BIBCUR |d 2019-11-22 |i 4731409 |o 639.375 NIE 2010 |p 4731409 |r 2025-04-22 |w 2019-11-22 |y BK |k CIM | ||